| 000 -LEADER |
| fixed length control field |
02660cam a2200337 a 4500 |
| 001 - CONTROL NUMBER |
| control field |
14703835 |
| 005 - DATE AND TIME OF LATEST TRANSACTION |
| control field |
20170105102919.0 |
| 008 - FIXED-LENGTH DATA ELEMENTS--GENERAL INFORMATION |
| fixed length control field |
070119s2007 coua b 001 0 eng |
| 010 ## - LIBRARY OF CONGRESS CONTROL NUMBER |
| LC control number |
2007002451 |
| 015 ## - NATIONAL BIBLIOGRAPHY NUMBER |
| National bibliography number |
GBA741522 |
| Source |
bnb |
| 016 7# - NATIONAL BIBLIOGRAPHIC AGENCY CONTROL NUMBER |
| Record control number |
013756331 |
| Source |
Uk |
| 020 ## - INTERNATIONAL STANDARD BOOK NUMBER |
| International Standard Book Number |
9781588265340 (hardcover : alk. paper) |
| 020 ## - INTERNATIONAL STANDARD BOOK NUMBER |
| International Standard Book Number |
9788130909660 (hardcover : alk. paper) |
| 035 ## - SYSTEM CONTROL NUMBER |
| System control number |
(OCoLC)ocm80020059 |
| 035 ## - SYSTEM CONTROL NUMBER |
| System control number |
(OCoLC)80020059 |
| Canceled/invalid control number |
(OCoLC)154684989 |
| -- |
(OCoLC)154684992 |
| 040 ## - CATALOGING SOURCE |
| Original cataloging agency |
DLC |
| Transcribing agency |
DLC |
| Modifying agency |
BTCTA |
| -- |
BAKER |
| -- |
UKM |
| -- |
C#P |
| -- |
YDXCP |
| -- |
YHM |
| -- |
IXA |
| -- |
MUQ |
| -- |
DLC |
| 050 00 - LIBRARY OF CONGRESS CALL NUMBER |
| Classification number |
JF2051 |
| Item number |
.W48 2007 |
| 082 00 - DEWEY DECIMAL CLASSIFICATION NUMBER |
| Classification number |
324.2 |
| Edition number |
22 |
| 245 00 - TITLE STATEMENT |
| Title |
When parties prosper : |
| Remainder of title |
the uses of electoral success / |
| Statement of responsibility, etc. |
edited by Kay Lawson, Peter H. Merkl. |
| 260 ## - PUBLICATION, DISTRIBUTION, ETC. |
| Place of publication, distribution, etc. |
Boulder : |
| Name of publisher, distributor, etc. |
Lynne Rienner Publishers, |
| Date of publication, distribution, etc. |
2007. |
| 300 ## - PHYSICAL DESCRIPTION |
| Extent |
vi, 431 p. : |
| Other physical details |
ill. ; |
| Dimensions |
23 cm. |
| 504 ## - BIBLIOGRAPHY, ETC. NOTE |
| Bibliography, etc. note |
Includes bibliographical references (p. 371-395) and index. |
| 505 00 - FORMATTED CONTENTS NOTE |
| Title |
Political parties in the twenty-first century / |
| Statement of responsibility |
Kay Lawson and Peter H. Merkl -- |
| Title |
Britain's new Labour party : prospering in an antiparty climate / |
| Statement of responsibility |
David McKay -- |
| Title |
Sweden : still a stable party system? / |
| Statement of responsibility |
Tommy Möller -- |
| Title |
European social democracy : failing successfully / |
| Statement of responsibility |
William E. Paterson and James Sloam -- |
| Title |
Poland's democratic left alliance : beyond postcommunist succession / |
| Statement of responsibility |
Hironim Kubiak -- |
| Title |
Lithuanian Social Democrats : a prosperous postcommunist party / |
| Statement of responsibility |
Algis Krupavičius -- Uruguayan party system : transition within transition / |
| -- |
Jorge Lanzaro -- |
| Title |
Germany's Christian Democrats : survivors in a secular society / |
| Statement of responsibility |
Frank Bösch -- |
| Title |
Japan : why parties fail, yet survive / |
| Statement of responsibility |
Haruhiro Fukui -- |
| Title |
Russia's political parties : deep in the shadow of the president / |
| Statement of responsibility |
Anotoly Kulik -- |
| Title |
Mexico : helping the opposition prosper / |
| Statement of responsibility |
Mark A. Martinez -- |
| Title |
Israel 's Shas : party prosperity and dubious democracy / |
| Statement of responsibility |
Yael Yishai -- |
| Title |
Chile : from individual politics to party militancy / |
| Statement of responsibility |
Alfredo Joignant and Patricio Navia -- |
| Title |
Italy : a tale of two parties / |
| Statement of responsibility |
Gianfranco Pasquino -- |
| Title |
France : antisystem parties vs. government parties / |
| Statement of responsibility |
Florence Haegel and Marc Lazar -- |
| Title |
The US two-party system : using power to prosper / |
| Statement of responsibility |
Robin Kolodny -- |
| Title |
Becoming the party of government / |
| Statement of responsibility |
Peter H. Merkl -- |
| Title |
When parties dedemocratize / |
| Statement of responsibility |
Kay Lawson. |
| 650 #0 - SUBJECT ADDED ENTRY--TOPICAL TERM |
| Topical term or geographic name entry element |
Political parties. |
| 700 1# - ADDED ENTRY--PERSONAL NAME |
| Personal name |
Lawson, Kay. |
| 700 1# - ADDED ENTRY--PERSONAL NAME |
| Personal name |
Merkl, Peter H. |
| 856 41 - ELECTRONIC LOCATION AND ACCESS |
| Materials specified |
Table of contents only |
| Uniform Resource Identifier |
<a href="http://www.loc.gov/catdir/toc/ecip079/2007002451.html">http://www.loc.gov/catdir/toc/ecip079/2007002451.html</a> |
| 906 ## - LOCAL DATA ELEMENT F, LDF (RLIN) |
| a |
7 |
| b |
cbc |
| c |
orignew |
| d |
1 |
| e |
ecip |
| f |
20 |
| g |
y-gencatlg |
| 942 ## - ADDED ENTRY ELEMENTS (KOHA) |
| Source of classification or shelving scheme |
|
| Koha item type |
Book |